Más allá del doble vínculo: comunicación y sistemas familiares, teorías y técnicas empleadas con esquizofrénicos
Tallennettuna:
| Päätekijä: | |
|---|---|
| Aineistotyyppi: | Kirja |
| Kieli: | espanja |
| Julkaistu: |
Barcelona
Paidos
1993
|
| Sarja: | Paidós Terapia Familiar, 42
|
| Aiheet: | |
| Tagit: |
Lisää tagi
Ei tageja, Lisää ensimmäinen tagi!
|
MARC
| LEADER | 00000nam a2200000 a 4500 | ||
|---|---|---|---|
| 001 | UCS3433 | ||
| 003 | CL-VaPUC | ||
| 008 | 970627e19930000SP |||||||||||||||||spa|d | ||
| 082 | 0 | 4 | |a 302.2 |b BER |2 21 |
| 100 | 0 | |a Berger, Milton M |e author |9 389538 | |
| 245 | 1 | 0 | |a Más allá del doble vínculo: comunicación y sistemas familiares, teorías y técnicas empleadas con esquizofrénicos |
| 300 | |a 270 p | ||
| 942 | |c BK | ||
| 945 | |d 19970627 00:00:00 |a amoreno | ||
| 260 | |a Barcelona |b Paidos |c 1993 | ||
| 650 | 7 | |a COMUNICACION HUMANA |2 CL-VaPUC |9 373516 | |
| 650 | 0 | |a Sistemas de comunicación |9 260934 | |
| 650 | 7 | |a ESQUIZOFRENICOS |2 CL-VaPUC |9 389539 | |
| 650 | 7 | |a TEORIA |2 CL-VaPUC |9 389540 | |
| 650 | 0 | |a Epistemología |9 264994 | |
| 650 | 0 | |a Comunicación |9 257251 | |
| 650 | 7 | |a TERAPIAS |2 CL-VaPUC |9 373443 | |
| 583 | |a last modification |c 19970627 00:00:00 |k Rodrigo Vera | ||
| 490 | 0 | |a Paidós Terapia Familiar, 42 | |
| 999 | |c 261145 |d 261143 | ||
| 952 | |0 0 |1 0 |4 0 |6 302_200000000000000_BER_1993 |7 0 |8 A |9 288330 |a BIBGIM |b BIBGIM |d 2019-11-19 |i 3576701 |o 302.2 BER 1993 |p 3576701 |r 2025-01-15 |w 2019-11-19 |y BK |k SSL | ||